Les vainqueurs de Ligue des Champions passés par la Ligue 1 - Statistiques

Statistiques générales
  • Ce quiz a été pris 508 fois
    425 depuis la dernière actualisation
  • Le résultat moyen est 29 sur 113
Statistiques - réponses
Club de Ligue 1 Titre en Ligue des Champions Joueur % Correct
Rennes Réal Madrid 2022 Eduardo Camavinga
95%
OL Real Madrid 2014, 2016, 2017, 2018 et 2022 Karim Benzema
87%
OL Réal Madrid 2022 Ferland Mendy
77%
Reims, Rennes Chelsea 2021 Edouard Mendy
76%
PSG Bayern Munich 2020 Kingsley Coman
72%
Caen Chelsea 2021 N'Golo Kanté
72%
PSG Chelsea 2021 Thiago Silva
70%
Montpellier Chelsea 2021 Olivier Giroud
69%
Lille Réal Madrid 2022 Eden Hazard
63%
Lens Real Madrid 2014, 2016, 2017 et 2018 Raphaël Varane
59%
OL Bayern Munich 2020 Corentin Tolisso
58%
PSG FC Barcelone 2006, 2009, 2011 et 2015 Lionel Messi
58%
PSG Barcelone 2015 Neymar
58%
Cannes, Bordeaux Real Madrid 2002 Zinédine Zidane
57%
Monaco Liverpool 2019 Fabinho
55%
Guingamp, OM Chelsea 2012 Didier Drogba
50%
Metz, OM Bayern Munich 2013 Franck Ribery
49%
OM Chelsea 2021 César Azpilicueta
48%
Nantes, OM, Bordeaux OM 1993 et Juventus 1996 Didier Deschamps
48%
Monaco FC Barcelone 2009 Thierry Henry
48%
PSG Real Madrid 2014, 2016, 2017 et 2018 Sergio Ramos
45%
Lille Bayern Munich 2020 Benjamin Pavard
43%
PSG Real Madrid 2014 Angel Di Maria
42%
Sochaux, Toulouse Barcelone 2015 Jéméry Mathieu
39%
PSG FC Barcelone 2006 Ronaldinho
39%
Auxerre, OM, Monaco OM 1993 Basi Boli
37%
Toulouse, OM, Monaco, Nantes OM 1993 Fabien Barthez
37%
Nantes, OM AC Milan 1994 Marcel Desailly
37%
Bordeaux, OM Bayern Munich 2001 Bixente Lizarazu
35%
Monaco, Lille, OL FC Barcelone 2009 et 2011 Eric Abidal
35%
OM, Bordeaux AC Milan 1994 Jean-Pierre Papin
35%
OL, Monaco, PSG, Lorient FC Barcelone 2006 Ludovic Giuly
35%
Auxerre, OM, Bastia Liverpool 2005 Djibril Cissé
34%
PSG Real Madrid 2016, 2017 et 2018 Keylor Navas
34%
Monaco Real Madrid 2016 et 2017 James Rodriguez
33%
PSG Chelsea 2012 David Luiz
32%
Châteauroux, Guingamp, OL Chelsea 2012 Florent Malouda
32%
OL Bayern Munich 2013 et 2020 Jerome Boateng
31%
OL Liverpool 2019 Dejan Lovren
29%
Bastia, OL Chelsea 2012 Michael Essien
29%
PSG Real Madrid 2000 Nicolas Anelka
29%
Rennes, Bordeaux, OL, Dijon AC Milan 2007 Yoann Gourcuff
28%
Nantes, OM, PSG Real Madrid 2002 Claude Makélélé
27%
Monaco, OM Manchester United 2008 Patrice Evra
27%
Lille, Nice Bayern Munich 2013 Dante
26%
PSG Liverpool 2019 Georginio Wijnaldum
26%
PSG Real Madrid 2014 et 2016 Jesé
26%
Lille Liverpool 2019 Divock Origi
25%
PSG FC Barcelone 2011 Maxwell
25%
PSG FC Barcelone 2006 et Inter Milan 2010 Thiago Motta
25%
PSG FC Barcelone 2009, 2011 et 2015 Daniel Alves
23%
PSG Manchester United 1999 David Beckham
22%
Monaco, OM Real Madrid 1998, 2000 et 2002 Fernando Morientes
22%
OL Real Madrid 2017 et 2022 Mariano Diaz
22%
Rennes Chelsea 2012 Petr Čech
22%
Nantes, Bastia Real Madrid 1998 et 2000 Christian Karembeu
21%
ASSE Chelsea 2021 Kurt Zouma
20%
Nice Inter 2010 Wesley Sneijder
20%
ASSE, Monaco Bayern Munich 2001 Willy Sagnol
20%
PSG Real Madrid 2018 Achraf Hakimi
18%
OM, Nancy, Monaco OM 1993 Eric Di Meco
18%
Nice, OM Inter 2010 Mario Balotelli
17%
OM, Lorient, Lens FC Barcelone 2009 et 2011 Seydou Keita
17%
OM OM 1993 Rudi Völler
16%
Monaco FC Barcelone 2009 Yaya Touré
16%
OM, Lille, OL OM 1993 Abedi Pelé
15%
Monaco FC Porto 2004 Ricardo Carvalho
15%
Lille Chelsea 2012 Salomon Kalou
14%
OL Bayern Munich 2013 et Liverpool 2019 Xherdan Shaqiri
14%
Le Havre, ASSE, Le Mans, Sochaux, Auxerre, Valenciennes Liverpool 2005 Anthony Le Tallec
13%
OM Bayern Munich 2013 Daniel van Buyten
13%
OL Chelsea 2021 Emerson
12%
Sochaux, OM, Monaco, Strasbourg, Montpellier OM 1993 Franck Sauzée
12%
Metz Manchester United 2008 Louis Saha
12%
OM Bayern Munich 2013 Luiz Gustavo
12%
Lille Ajax 1995 Patrick Kluivert
12%
Bastia, Toulon, Matra Racing, OM, OL OM 1993 Pascal Olmeta
11%
Lens, Rennes, Monaco, OM Liverpool 2005 Djimi Traoré
10%
Rennes Manchester United 2008 Mikaël Silvestre
10%
Monaco Real Madrid 2014 et 2017 Fabio Coentrão
9%
Rennes, Lille, PSG, OM OM 1993 Jocelyn Angloma
9%
Lens, Bordeaux Liverpool 2005 Vladimír Šmicer
9%
Cannes, OM OM 1993 Alen Bokšić
8%
Bordeaux Bayern Munich 2013 Diego Contento
8%
OL FC Barcelone 2006 Edmilson
8%
Monaco Inter 2010 Maicon
8%
Nantes, Laval, OM, Bastia OM 1993 Jean-Jacques Eydelie
7%
Monaco, OM, OL OM 1993 Manuel Amoros
7%
Monaco FC Barcelone 2006 et 2009 Rafael Marquez
6%
Toulon, Matra Racing, OM OM 1993 Bernard Casoni
5%
OL Bayern Munich 2001 Giovane Elber
5%
Auxerre, Bordeaux, OM, Martigues OM 1993 Jean-Marc Ferreri
5%
Toulouse, Bordeaux, OM OM 1993 Jean-Philippe Durand
5%
PSG, Monaco, Nice AC Milan 1994 Marco Simone
5%
OL Liverpool 2005 Milan Baros
5%
Sochaux, OM, Rennes, ASSE OM 1993 Jean-Christophe Thomas
4%
Bordeaux Real Madrid 1998, 2000 et 2002 Savio
4%
OM Juventus 1996 Fabrizio Ravanelli
3%
Monaco Liverpool 2005 John Arne Riise
3%
Lille FC Porto 2004 Ricardo Costa
3%
Bordeaux Real Madrid 2002 Albert Celades
2%
Monaco AC Milan 1994 Christian Panucci
2%
Monaco FC Porto 2004 Costinha
2%
Monaco FC Barcelone 2009 et 2011 Eidur Gudjohnsen
2%
Arles-Avignon Real Madrid 2002 Francisco Pavón
2%
OM, Cannes, Guingamp OM 1993 Jean-Christophe Marquet
2%
Metz Juventus 1996 Michele Padovano
2%
Laval, Rennes, Cannes, OM, Lens OM 1993 François Omam-Biyik
1%
OM OM 1993 Igor Dobrovolski
1%
OM OM 1993 Rafael Martín Vázquez
1%
Monaco Juventus 1996 Vladimir Jugović
1%
Nice FC Porto 2004 Edgaras Jankauskas
0%
Monaco AC Milan 1994 Florin Răducioiu
0%
Aucun quiz correspondant
Distribution des résultats
% des personnes avec chaque résultat
Percentile par nombre de réponses
Votre historique - résultats
Vous n’avez pas pris ce quiz depuis la dernière actualisation